|
|
|
|
| LEADER |
00903cam a2200217 7i4500 |
| 001 |
0000055603 |
| 005 |
20201112090000.0 |
| 020 |
|
|
|a 9788740305227 (electronic book)
|
| 090 |
0 |
0 |
|a TA330
|b .T57 2015
|
| 100 |
1 |
|
|a Tisdell, Christopher C
|
| 245 |
1 |
0 |
|a Engineering mathematics :
|b YouTube workbook
|c Christopher C. Tisdell.
|
| 264 |
|
1 |
|a [Place of publication not identified]:
|b Bookboon,
|c 2015.
|
| 300 |
|
|
|a 1 online resource (77 pages):
|b text file, PDF.
|
| 336 |
|
|
|a text
|2 rdacontent
|
| 337 |
|
|
|a computer
|2 rdamedia
|
| 338 |
|
|
|a online resource
|2 rdacarier
|
| 650 |
|
0 |
|a Engineering mathematics --
|x Programmed instruction
|
| 655 |
|
0 |
|a Electronic books
|
| 856 |
4 |
2 |
|u http://library.unisel.edu.my/equip-unisel/custom/ebook_catalog/engineeringmathematicsyoutubeworkbook.pdf
|
| 997 |
|
|
|a Engineering & Life Sciences, Faculty
|b Engineering, Department
|
| 999 |
|
|
|a EBO0001807
|b EBOOK
|c EBOOK
|e Electronic resources
|